|
|
|
|
| LEADER |
01254nam a22002657a 4500 |
| 001 |
40163 |
| 003 |
BD-DhAAL |
| 005 |
20221208143153.0 |
| 008 |
221208t2005 bg a|||| |||| 00| 0 ben d |
| 999 |
|
|
|c 45139
|d 45139
|
| 020 |
|
|
|a 8179550265
|
| 040 |
|
|
|a BD-DhAAL
|c BD-DhAAL
|
| 041 |
|
|
|a ben
|
| 082 |
|
|
|a 330.03
|
| 100 |
|
|
|a রায়, হীরেন্দ্রনাথ
|9 52773
|
| 245 |
|
|
|a সংসদ অর্থবিদ্যা অভিধান /
|c হীরেন্দ্রনাথ রায়
|
| 246 |
|
|
|a Samsad arthabidya abhidhan ( An encyclopaedic dictionary of economics)
|
| 260 |
|
|
|a ঢাকা :
|b সাহিত্য সংসদ,
|c ২০০৫
|
| 300 |
|
|
|a ষোলো, ২৫৯ পৃষ্ঠা :
|b চিএ ;
|c ২২ সে.মি.
|
| 541 |
|
|
|a Donated By Akbar Ali Khan
|e 40163
|
| 650 |
|
|
|a Economics
|x Dictionaries.
|9 52774
|
| 700 |
|
|
|a ভট্রাচার্য, ধীরেন্দ্রনাথ
|9 52775
|
| 852 |
|
|
|a Ayesha Abed Library
|c Akbar Ali Khan Collection
|
| 942 |
|
|
|2 ddc
|c BK
|
| 952 |
|
|
|0 0
|1 0
|2 ddc
|4 0
|6 330_030000000000000_ROY
|7 1
|9 72456
|a BRACUL
|b BRACUL
|c CS1
|d 2022-12-08
|e Donated by Akbar Ali Khan
|g 250.00
|l 0
|o 330.03 ROY
|p 3010040163
|r 2022-12-08
|t 1
|v 250.00
|w 2022-12-08
|y BK
|x Price available in book.
|